Dua Lipa - Paroles Physical - Statistiques

Statistiques générales
  • Ce quiz a été pris 73 fois
  • Le résultat moyen est 322 sur 353
Statistiques - réponses
Hint Réponse % Correct
a
100%
go
100%
I
100%
Let's
100%
phy
100%
physical
100%
(physical,
100%
physical)
100%
Physical
100%
So
100%
you
100%
You
100%
agree?
98%
Refrain All
98%
come
98%
(come
98%
Come
98%
Don't
98%
don't
98%
get
98%
night,
98%
on
98%
on),
98%
on)
98%
on,
98%
got
96%
know
96%
me
96%
me?
96%
when
96%
and
95%
love
95%
Love
95%
the
95%
to
95%
keep
93%
next
93%
We
93%
Baby,
89%
back,
89%
dancing
89%
for
89%
my
89%
rich
89%
sleep
89%
diamond
87%
us
87%
choice
84%
feeling
84%
life
84%
this
84%
Pré-refrain Who
84%
it
82%
like
82%
live
82%
phenomenal
82%
pretty
82%
something
82%
another
80%
'Cause
80%
isn't
80%
nice
80%
wanna
80%
with
80%
created
78%
follow
78%
I'll
76%
needs
76%
ain't
75%
in
73%
riot
73%
Couplet 1 Common
71%
Nothing
71%
Bridge Hold
69%
hold
69%
Lights
69%
noise
69%
one's
69%
if
67%
you're
67%
Living
64%
out,
64%
planet
64%
compares
62%
just
62%
little
62%
ready
62%
simulation
62%
tell
62%
Couplet 2 Adrenaline
60%
keeps
60%
dreaming
58%
rushing
58%
up
58%
we're
49%
tighter
44%
getphysical
4%
Aucun quiz correspondant
Distribution des résultats
% des personnes avec chaque résultat
Percentile par nombre de réponses
Votre historique - résultats
Vous n’avez pas pris ce quiz